000 00796nam a2200229Ia 4500
003 GCL
008 140319s9999 xx 000 0 ara d
020 _a9109305977
040 _aGCL /
_cGCL
082 0 4 _aق
_b726.2
_bم م
100 1 _aالمجلس الاعلى للاثار
245 1 0 _aمسحد يوسف اغا الحين ( اثر رقم 196 ) /
_cالمجلس الاعلى للاثار
250 _aالاولى
260 _aالقاهرة :
_bالمجلس الاعلى للاثار ،
_c0
300 _aمتعدد ؛
_c24 سم
650 0 4 _aالمساجد - مصر
650 0 4 _aمصر - الاثار الاسلامية
650 0 4 _aالمساجد - ترميم
650 0 4 _aالمساجد - عمارة
650 0 4 _aمسجد يوسف اغا الحين
942 _2ddc
_cBK
999 _c58196
_d58196